000 00196 a2200109 4500
020 _a9780822577256
041 _aspa
100 _aSally M.Walker
245 _aLa Luz
942 _cBK
952 _71
999 _c24887
_d24887